Tradiční pošty čelí poklesu poptávky
Poštové spoločnosti po celom svete riešia postupný prepad hlavnej činnosti - doručovanie listových zásielok. Nárast balíkových zásielok. Čína je výnimkou. Situácia v Českej republike. Nový projekt v Českej republike - Čarovná almara. Liberalizácia v Poľsku. Investície a stratégia obnovy.
Salvato in:
| Natura: | Capitolo di libro |
|---|---|
| Lingua: | ceco |
| Soggetti: | |
| Tags: |
Nessun Tag, puoi essere il primo ad aggiungerne!!
|
MARC
| LEADER | 00000naa a2200000 4500 | ||
|---|---|---|---|
| 001 | 0168737 | ||
| 005 | 20231211075757.5 | ||
| 041 | 0 | |a cze | |
| 044 | |a CZ | ||
| 245 | 1 | 0 | |a Tradiční pošty čelí poklesu poptávky |
| 520 | |a Poštové spoločnosti po celom svete riešia postupný prepad hlavnej činnosti - doručovanie listových zásielok. Nárast balíkových zásielok. Čína je výnimkou. Situácia v Českej republike. Nový projekt v Českej republike - Čarovná almara. Liberalizácia v Poľsku. Investície a stratégia obnovy. | ||
| 610 | 2 | 0 | |a zásielky poštové |
| 610 | 2 | 0 | |a pošty |
| 610 | 2 | 0 | |a služby poštové |
| 610 | 2 | 0 | |a logistika |
| 610 | 2 | 0 | |a Česko |
| 610 | 2 | 0 | |a Čína |
| 610 | 2 | 0 | |a Poľsko |